000 00706nam a22002417a 4500
001 71417
003 BD-RjUL
005 20211209082118.0
008 170503s1951 enk||||| |||| 001 0 eng d
035 _a(BD-RjUL)71633
040 _aBD-RjUL
_beng
_cBD-RjUL
041 _aeng
082 _223
_a305.80096
_bMIP 1951
100 1 _aMilin, Sarab Gertrude
_9211306
245 1 4 _aThe people of South Africa /
_cSarab Gertrude Milin.
260 _aLondon :
_bConstable & co. Ltd.,
_cc1951.
300 _a324 p. ;
_c22 cm.
500 _aIncludes index.
650 _aRace relations.
_9128005
651 _aSouth Africa
_xHistory.
_9125191
651 _aSouth Africa
_xRace relations.
_9128269
942 _2ddc
_cBK
999 _c71417
_d71417